Nghiên cứu lòng trung thành của khách hàng đối với dịch vụ điện thoại di động trả sau Vinaphone của Viễn thông Cần Thơ-Hậu Giang : Luận văn Thạc sĩ Kinh tế. Chuyên ngành: Quản trị kinh doanh
Đề tài tìm hiểu về thị trường cung cấp dịch vụ điện thoại di động tại Tp. Cần Thơ. Nghiên cứu, phân tích các yếu tố ảnh hưởng đến lòng trung thành của khách hàng đối với dịch vụ điện thoại di động trả sau Vinaphone của Viễn thông Cần Th...
Na minha lista:
| Autor principal: | |
|---|---|
| Formato: | Livro |
| Idioma: | Undetermined |
| Publicado em: |
Cần Thơ
Trường Đại học Cần Thơ
2010
|
| Assuntos: | |
| Tags: |
Adicionar Tag
Sem tags, seja o primeiro a adicionar uma tag!
|
| Thư viện lưu trữ: | Trung tâm Học liệu Trường Đại học Cần Thơ |
|---|
| LEADER | 01413nam a2200229Ia 4500 | ||
|---|---|---|---|
| 001 | CTU_162901 | ||
| 008 | 210402s9999 xx 000 0 und d | ||
| 082 | |a 658.8342 | ||
| 082 | |b H108 | ||
| 088 | |a 60340102 | ||
| 100 | |a Nguyễn, Thị Thiên Hảo | ||
| 245 | 0 | |a Nghiên cứu lòng trung thành của khách hàng đối với dịch vụ điện thoại di động trả sau Vinaphone của Viễn thông Cần Thơ-Hậu Giang : | |
| 245 | 0 | |b Luận văn Thạc sĩ Kinh tế. Chuyên ngành: Quản trị kinh doanh | |
| 245 | 0 | |c Nguyễn Thị Thiên Hảo; Phạm Lê Thông (Hướng dẫn Khoa học) | |
| 260 | |a Cần Thơ | ||
| 260 | |b Trường Đại học Cần Thơ | ||
| 260 | |c 2010 | ||
| 520 | |a Đề tài tìm hiểu về thị trường cung cấp dịch vụ điện thoại di động tại Tp. Cần Thơ. Nghiên cứu, phân tích các yếu tố ảnh hưởng đến lòng trung thành của khách hàng đối với dịch vụ điện thoại di động trả sau Vinaphone của Viễn thông Cần Thơ-Hậu Giang : | ||
| 650 | |a Dịch vụ khách hàng,Telecommunication,Marketing,Customer services,Viễn thông,Sự quảng cáo | ||
| 650 | |x Management,Quản lý | ||
| 904 | |i Năm | ||
| 980 | |a Trung tâm Học liệu Trường Đại học Cần Thơ | ||